[Event "52nd Rubinstein Mem"]
[Site "Polanica Zdroj POL"]
[Date "2016.08.27"]
[Round "8.23"]
[White "Chomczyk, Marek"]
[Black "Bajkowski, Marcin"]
[Result "1-0"]
[WhiteElo "2131"]
[BlackElo "1927"]
[WhiteFideId "1125826"]
[BlackFideId "1129139"]
[EventDate "2016.08.20"]

1. e4 e6 2. d4 d5 3. exd5 exd5 4. c4 Nf6 5. Nc3 Be7 6. Bd3 O-O 7. Nge2 c6 8. O-O
Nbd7 9. cxd5 Nxd5 10. Nxd5 cxd5 11. Bf4 Nf6 12. h3 Qb6 13. Qb3 Qxb3 14. axb3 Bd7
15. Rfc1 Rfe8 16. f3 Bc6 17. Kf2 Nd7 18. Bf5 a6 19. Rxc6 bxc6 20. Bxd7 Red8 21.
Bxc6 Ra7 22. Nc3 Bf6 23. Nb5 axb5 24. Rxa7 Bxd4+ 25. Be3 Bxa7 26. Bxa7 Rc8 27.
Bxd5 Rc2+ 28. Kg3 Rxb2 29. Bc5 Ra2 30. Bc6 Ra6 31. Bd5 Rg6+ 32. Kf4 Rxg2 33. b4
Rg6 34. Be4 Rf6+ 35. Kg3 1-0

[Event "52nd Rubinstein Mem"]
[Site "Polanica Zdroj POL"]
[Date "2016.08.27"]
[Round "8.24"]
[White "Jankowiak, Tomasz"]
[Black "Ochowicz, Jakub"]
[Result "1/2-1/2"]
[WhiteElo "1815"]
[BlackElo "2069"]
[WhiteFideId "1185357"]
[BlackFideId "1182714"]
[EventDate "2016.08.20"]

1. e4 c5 2. Nf3 e6 3. c4 a6 4. Nc3 d6 5. d4 cxd4 6. Nxd4 Nf6 7. Be2 Be7 8. Be3
Nbd7 9. O-O O-O 10. Qd2 Qc7 11. Rac1 b6 12. Rfd1 Bb7 13. f3 Rac8 14. Bf1 Rfe8
15. b3 Qb8 16. Kh1 Bd8 17. Nc2 Bc7 18. Bf4 Ne5 19. Bxe5 dxe5 20. Na4 Bc6 21. Nb4
Bxa4 22. Nxa6 Qa7 23. Nxc7 Rxc7 24. bxa4 Qxa4 25. Rb1 Rd7 26. Qe2 Rxd1 27. Qxd1
Qxa2 28. Rxb6 Qf2 29. Rd6 h6 30. Rd2 Qc5 31. Qb3 Ra8 32. Qb5 Qe3 33. Rd1 Qc3 34.
Qb1 Ra5 35. Rd3 Qa1 36. Qxa1 Rxa1 37. Rd8+ Kh7 38. Kg1 Ra7 39. Rc8 Ng8 40. Rc5 1/2-1/2

[Event "52nd Rubinstein Mem"]
[Site "Polanica Zdroj POL"]
[Date "2016.08.27"]
[Round "8.25"]
[White "Pyka, Roman"]
[Black "Kiedowski, Artur"]
[Result "1/2-1/2"]
[WhiteElo "2065"]
[BlackElo "1709"]
[WhiteFideId "1102672"]
[BlackFideId "21844526"]
[EventDate "2016.08.20"]

1. Nf3 Nf6 2. d4 g6 3. c4 Bg7 4. Nc3 O-O 5. g3 d6 6. Bg2 Nbd7 7. O-O c6 8. e4 e5
9. h3 a6 10. Be3 Re8 11. Re1 Qc7 12. Rc1 b6 13. b4 Bb7 14. dxe5 dxe5 15. Qc2 Bf8
16. a3 a5 17. Qb3 axb4 18. axb4 Qd8 19. Nd2 Qe7 20. Rb1 Ra7 21. Na4 Rea8 22. Nc3
Ra3 23. Qc2 h5 24. b5 c5 25. Bg5 Qd6 26. Nb3 Qe6 27. Bf1 Kh7 28. Bc1 R3a7 29.
Nd2 Ne8 30. Nf3 f6 31. Kh2 Bg7 32. Bb2 Bh6 33. h4 Nd6 34. Rbd1 Nf8 35. Qd3 Nf7
36. Bh3 Qe8 37. Nd5 Bxd5 38. exd5 Ra2 39. Qb3 Nd6 40. Ra1 Rxa1 41. Bxa1 Qf7 42.
Bc3 e4 43. Ng1 1/2-1/2

[Event "52nd Rubinstein Mem"]
[Site "Polanica Zdroj POL"]
[Date "2016.08.28"]
[Round "9.1"]
[White "Tomczak, Mikolaj"]
[Black "Szelag, Marcin"]
[Result "0-1"]
[WhiteTitle "FM"]
[BlackTitle "IM"]
[WhiteElo "2298"]
[BlackElo "2443"]
[WhiteFideId "1175114"]
[BlackFideId "1112228"]
[EventDate "2016.08.20"]

1. d4 Nf6 2. c4 g6 3. Nc3 Bg7 4. e4 d6 5. Nf3 O-O 6. Be2 e5 7. Be3 Ng4 8. Bg5 f6
9. Bh4 g5 10. Bg3 Nh6 11. dxe5 dxe5 12. O-O Na6 13. a3 c6 14. b4 Qe7 15. c5 Nc7
16. Nd2 Rd8 17. Bc4+ Ne6 18. f3 Kh8 19. Bf2 Nd4 20. Nb3 Be6 21. Bxe6 Qxe6 22.
Nxd4 exd4 23. Bxd4 Rd7 24. Ne2 Rad8 25. Qd3 Rxd4 26. Nxd4 Qd7 27. Rfd1 f5 28. e5
Bxe5 29. Nxc6 Bxh2+ 30. Kxh2 Qc7+ 31. Qd6 Rxd6 32. cxd6 Qxc6 33. Rac1 Qb6 34.
Rc7 Kg8 35. a4 a5 36. Kh1 Nf7 37. bxa5 Qxa5 38. Re7 Qxa4 39. Rd5 Qc4 40. Rxf5
Qh4+ 41. Kg1 Qd4+ 42. Kh1 Qd1+ 0-1

[Event "52nd Rubinstein Mem"]
[Site "Polanica Zdroj POL"]
[Date "2016.08.28"]
[Round "9.2"]
[White "Nowak, Kamil"]
[Black "Malaniuk, Vladimir P"]
[Result "1/2-1/2"]
[BlackTitle "GM"]
[WhiteElo "2240"]
[BlackElo "2471"]
[WhiteFideId "1168681"]
[BlackFideId "14100177"]
[EventDate "2016.08.20"]

1. e4 e5 2. Nf3 Nc6 3. Bb5 a6 4. Bxc6 dxc6 5. O-O Bd6 6. d4 exd4 7. Qxd4 f6 8.
Be3 Ne7 9. Nbd2 Be6 10. Rad1 Ng6 11. Qc3 Qe7 12. Nd4 Bb4 13. Qd3 Ne5 14. Qe2 Bd7
15. c3 Bd6 16. Nf5 Bxf5 17. exf5 O-O-O 18. Ne4 Qf7 19. b3 Rhe8 20. Nxd6+ cxd6
21. Rfe1 d5 22. h3 g6 23. Qc2 Nd7 24. a4 gxf5 25. Qxf5 Qg6 26. Qxg6 hxg6 27. b4
b6 28. b5 Kb7 29. Rd4 Ne5 30. Rh4 Re7 31. bxc6+ Kxc6 32. Rb1 Nd7 33. Rg4 g5 34.
c4 Nc5 35. cxd5+ Rxd5 36. Rc4 a5 37. Kh2 Rc7 38. g3 Kb7 39. Rb5 Ka6 40. Rb1 Re7
41. Kg2 Re6 42. Rb5 Rc6 43. Rb1 Re6 44. Rb5 Rc6 45. Rb1 Re6 46. Rb5 Ree5 47. Rb1
Re6 48. Rg4 1/2-1/2

[Event "52nd Rubinstein Mem"]
[Site "Polanica Zdroj POL"]
[Date "2016.08.28"]
[Round "9.3"]
[White "Farkas, Gabor1"]
[Black "Chmiel, Marcin"]
[Result "1/2-1/2"]
[WhiteTitle "FM"]
[WhiteElo "2368"]
[BlackElo "2194"]
[WhiteFideId "14908034"]
[BlackFideId "1135503"]
[EventDate "2016.08.20"]

1. d4 d5 2. c4 dxc4 3. e3 Nf6 4. Bxc4 e6 5. Nf3 c5 6. O-O a6 7. a4 Nc6 8. Nc3
Be7 9. Qd3 O-O 10. Rd1 cxd4 11. exd4 Nb4 12. Qe2 b6 13. Ne5 Bb7 14. Bg5 Nfd5 15.
Bxe7 Qxe7 16. Nxd5 Nxd5 17. Ra3 f5 18. Nd3 Rae8 19. Bxd5 Bxd5 20. Nf4 Qb4 21.
Qe5 Rd8 22. Rg3 Rf7 23. Nh5 Qf8 24. Nf4 Qd6 25. Rc1 Qxe5 26. dxe5 Bc4 27. b3
Rfd7 28. h4 Rd1+ 29. Rxd1 Rxd1+ 30. Kh2 Rd4 31. Rf3 Bxb3 32. Rxb3 Rxf4 33. Rxb6
Rxh4+ 34. Kg3 Rxa4 35. Rxe6 Rg4+ 36. Kf3 a5 37. Ra6 a4 38. Ra7 Re4 39. e6 Rxe6
40. Rxa4 Kf7 41. Kg3 h6 42. f4 g5 43. fxg5 hxg5 44. Kf3 Kg6 45. Ra8 Rb6 46. Rg8+
Kf6 47. Rf8+ Kg6 48. Rg8+ Kf6 49. Rf8+ Ke6 50. Ra8 Rb3+ 51. Kf2 f4 52. Rf8 Ke5
53. g4 f3 54. Rxf3 Rxf3+ 55. Kxf3 Kd4 56. Kf2 Ke4 57. Ke2 Kf4 58. Kf2 Kxg4 59.
Kg2 1/2-1/2

[Event "52nd Rubinstein Mem"]
[Site "Polanica Zdroj POL"]
[Date "2016.08.28"]
[Round "9.4"]
[White "Shishkin, Vadim UKR"]
[Black "Cukrowski, Filip"]
[Result "1-0"]
[WhiteTitle "GM"]
[BlackTitle "FM"]
[WhiteElo "2469"]
[BlackElo "2381"]
[WhiteFideId "14101696"]
[BlackFideId "1171097"]
[EventDate "2016.08.20"]

1. d4 Nf6 2. c4 e6 3. Nc3 Bb4 4. Qc2 O-O 5. a3 Bxc3+ 6. Qxc3 d6 7. Bg5 Nbd7 8.
Nf3 Re8 9. Nd2 e5 10. e3 Nf8 11. dxe5 dxe5 12. Rd1 Qe7 13. Bd3 h6 14. Bh4 Ne4
15. Bxe4 Qxh4 16. O-O c6 17. c5 f5 18. Bc2 Be6 19. Nf3 Qc4 20. Nxe5 Qxc3 21.
bxc3 Rad8 22. Rxd8 Rxd8 23. Rd1 Rxd1+ 24. Bxd1 Ba2 25. Bc2 g6 26. g4 Kg7 27.
gxf5 gxf5 28. Bxf5 Kf6 29. Nd7+ Kxf5 30. Nxf8 Bf7 31. f4 Be8 32. h4 Kf6 33. h5
Bxh5 34. Nd7+ Ke6 35. Ne5 Kd5 36. Kf2 Kxc5 37. e4 b5 38. Ke3 Kd6 39. Nd3 c5 40.
f5 Be8 41. Kf4 a5 42. e5+ Kd5 43. e6 b4 44. cxb4 cxb4 45. axb4 a4 46. Nc1 a3 47.
Na2 Ba4 48. b5 Bxb5 49. Nc3+ Kc5 50. f6 Kd6 51. f7 Ke7 52. Nd5+ Kf8 53. Nf6 1-0

[Event "52nd Rubinstein Mem"]
[Site "Polanica Zdroj POL"]
[Date "2016.08.28"]
[Round "9.5"]
[White "Siekanski, Janusz"]
[Black "Cyborowski, Lukasz"]
[Result "0-1"]
[BlackTitle "GM"]
[WhiteElo "2290"]
[BlackElo "2526"]
[WhiteFideId "1100599"]
[BlackFideId "1108760"]
[EventDate "2016.08.20"]

1. d4 Nf6 2. c4 c5 3. e3 g6 4. Nc3 Bg7 5. Nf3 O-O 6. Be2 d5 7. O-O cxd4 8. exd4
Nc6 9. Re1 Bf5 10. c5 Ne4 11. Bf4 h6 12. h3 Rc8 13. Rc1 Nxc3 14. Rxc3 Be4 15.
Ne5 Bxe5 16. Bxe5 f6 17. Bf4 g5 18. Be3 Qd7 19. a3 e5 20. b4 a6 21. f3 Bg6 22.
Bf1 Rce8 23. Re2 e4 24. f4 Ne7 25. g4 f5 26. Rf2 fxg4 27. hxg4 gxf4 28. Bxf4 Nc6
29. Rh3 Rxf4 30. Rxf4 Qg7 31. b5 Nxd4 32. bxa6 bxa6 33. Be2 Qe5 34. Rf2 e3 35.
Rfh2 Rb8 36. Rxh6 Qg3+ 37. Rg2 Nxe2+ 38. Kh1 Be4 39. Qxe2 Rb1+ 0-1

[Event "52nd Rubinstein Mem"]
[Site "Polanica Zdroj POL"]
[Date "2016.08.28"]
[Round "9.6"]
[White "Gierulski, Kamil"]
[Black "Voloshin, Leonid"]
[Result "0-1"]
[BlackTitle "GM"]
[WhiteElo "2216"]
[BlackElo "2425"]
[WhiteFideId "1163825"]
[BlackFideId "311111"]
[EventDate "2016.08.20"]

1. e4 g6 2. d4 Bg7 3. Nc3 c6 4. h3 d6 5. f4 Nd7 6. Nf3 e5 7. Be3 Qe7 8. fxe5
dxe5 9. d5 Ngf6 10. d6 Qd8 11. Qd2 Qa5 12. a3 O-O 13. Be2 b5 14. b4 Qd8 15. a4
Bb7 16. O-O a5 17. axb5 axb4 18. Rxa8 Qxa8 19. bxc6 Bxc6 20. Nd5 Nxe4 21. Ne7+
Kh8 22. Qxb4 Ng3 23. Qc4 Nxf1 24. Kxf1 Bxf3 25. Bxf3 Qa3 26. Kf2 Qxd6 27. Nd5 f5
28. Qb5 e4 29. Be2 f4 30. Ba7 f3 31. gxf3 exf3 32. Bxf3 Ne5 0-1

[Event "52nd Rubinstein Mem"]
[Site "Polanica Zdroj POL"]
[Date "2016.08.28"]
[Round "9.7"]
[White "Kulas, Szymon"]
[Black "Kucza, Karol"]
[Result "1-0"]
[BlackTitle "FM"]
[WhiteElo "2210"]
[BlackElo "2307"]
[WhiteFideId "1178989"]
[BlackFideId "1159755"]
[EventDate "2016.08.20"]

1. d4 d5 2. Nf3 Nf6 3. c4 c6 4. Nc3 e6 5. Qd3 dxc4 6. Qxc4 b5 7. Qd3 Nbd7 8. e4
b4 9. Na4 c5 10. dxc5 Nxc5 11. Nxc5 Bxc5 12. Qxd8+ Kxd8 13. Bg5 h6 14. Rc1 Bb6
15. Bh4 Bb7 16. e5 Bxf3 17. exf6 g5 18. Bg3 Bd5 19. Bd6 Rc8 20. Be7+ Kd7 21.
Bb5+ Bc6 22. O-O Bd4 23. Rxc6 Rxc6 24. Rc1 Rc8 25. Rc2 g4 26. Kf1 Be5 27. h3
gxh3 28. gxh3 a6 29. Ba4 h5 30. Ke2 a5 31. Ke3 Bh2 32. f4 Bg3 33. Ke4 Rc7 34. f5
Bh4 35. Rc5 Bf2 36. fxe6+ 1-0

[Event "52nd Rubinstein Mem"]
[Site "Polanica Zdroj POL"]
[Date "2016.08.28"]
[Round "9.8"]
[White "Zochowski, Kacper"]
[Black "Dubinski, Mateusz"]
[Result "0-1"]
[BlackTitle "CM"]
[WhiteElo "2275"]
[BlackElo "2202"]
[WhiteFideId "1125494"]
[BlackFideId "1125923"]
[EventDate "2016.08.20"]

1. e4 e5 2. Nf3 Nc6 3. Bb5 a6 4. Ba4 Nf6 5. Qe2 b5 6. Bb3 Be7 7. c3 O-O 8. O-O
d5 9. d3 Bb7 10. Rd1 Re8 11. Nbd2 Bf8 12. Nf1 h6 13. h3 Na5 14. Bc2 c5 15. N3h2
Qc7 16. Ng4 Nxg4 17. Qxg4 g6 18. Qf3 d4 19. Bd2 Bg7 20. Rac1 c4 21. Nh2 Rf8 22.
Qg3 Nc6 23. dxc4 bxc4 24. b3 d3 25. Bb1 Na5 26. b4 Nc6 27. Qh4 Qe7 28. Qg3 Nd8
29. f3 Kh7 30. Re1 f5 31. a3 Ne6 32. exf5 gxf5 33. Rxe5 Bxe5 34. Qxe5 Qf7 35.
Ba2 Rac8 36. Nf1 Qg6 37. Ne3 Bxf3 38. Rf1 Be4 39. Rf2 Rg8 40. Kf1 Ng5 41. Bxc4
Rxc4 42. Nxc4 Nxh3 43. Ne3 Nxf2 44. Kxf2 Rg7 45. c4 f4 46. Ng4 Qxg4 47. Qxe4+
Qg6 48. Qxg6+ Kxg6 49. Bxf4 Rf7 50. g3 h5 51. Ke3 h4 52. gxh4 Rxf4 53. Kxd3 Kf6
54. b5 axb5 55. cxb5 Ke5 0-1

[Event "52nd Rubinstein Mem"]
[Site "Polanica Zdroj POL"]
[Date "2016.08.28"]
[Round "9.9"]
[White "Karpus, Michal"]
[Black "Kanicki, Krzysztof"]
[Result "1-0"]
[WhiteTitle "FM"]
[WhiteElo "2240"]
[BlackElo "2177"]
[WhiteFideId "1174088"]
[BlackFideId "1163450"]
[EventDate "2016.08.20"]

1. e4 c5 2. Nf3 Nc6 3. d4 cxd4 4. Nxd4 Nf6 5. Nc3 d6 6. Bg5 e6 7. Qd2 a6 8.
O-O-O Bd7 9. f4 b5 10. a3 Rb8 11. Nf3 b4 12. axb4 Qb6 13. e5 Nxb4 14. Qd4 Nfd5
15. Qxb6 Rxb6 16. Nxd5 Nxd5 17. f5 h6 18. Bd2 dxe5 19. Nxe5 Bd6 20. Nc4 Rc6 21.
Nxd6+ Rxd6 22. Bc3 f6 23. Bc4 Ke7 24. fxe6 Bxe6 25. Rhe1 Kf7 26. Rd4 Rhd8 27.
Ba5 R8d7 28. Bb3 Rb7 29. Red1 Rb5 30. Be1 Rd8 31. Bc4 Rc5 32. b4 Rxc4 33. Rxc4
Rb8 34. Rd3 Rb7 35. Rc6 Nf4 36. Rdd6 Bd5 37. Rxa6 Bxg2 38. Bd2 Nd5 39. c3 f5 40.
Ra5 Ne7 41. c4 f4 42. Bxf4 Rxb4 43. Rc5 Bf1 44. Rd4 Ke6 45. Re5+ Kf6 46. Rxe7
Rxc4+ 47. Rxc4 Kxe7 48. Rc6 1-0

[Event "52nd Rubinstein Mem"]
[Site "Polanica Zdroj POL"]
[Date "2016.08.28"]
[Round "9.10"]
[White "Czerw, Dawid"]
[Black "Zaleski, Lukasz"]
[Result "1/2-1/2"]
[WhiteElo "2179"]
[BlackElo "2219"]
[WhiteFideId "1145746"]
[BlackFideId "1172611"]
[EventDate "2016.08.20"]

1. d4 Nf6 2. c4 e6 3. Nf3 b6 4. g3 Bb7 5. Bg2 Bb4+ 6. Nbd2 c5 7. a3 Bxd2+ 8.
Qxd2 cxd4 9. O-O O-O 10. Qxd4 Nc6 11. Qd3 d5 12. cxd5 Qxd5 13. Qxd5 Nxd5 14. Rd1
Rfd8 15. Bd2 Rac8 16. Rac1 Kf8 17. h3 h6 18. Be1 Ke7 19. e4 Nf6 20. Bc3 Rxd1+
21. Rxd1 Rd8 22. Rxd8 Nxd8 23. Nd2 Nc6 24. f4 Ne8 25. Kf2 f6 26. e5 fxe5 27.
fxe5 Nd8 28. Ne4 Bd5 29. Ke3 Nf7 30. h4 Nc7 31. Bf1 Bc6 1/2-1/2

[Event "52nd Rubinstein Mem"]
[Site "Polanica Zdroj POL"]
[Date "2016.08.28"]
[Round "9.11"]
[White "Zebracki, Tomasz"]
[Black "Kowalski, Igor"]
[Result "1/2-1/2"]
[WhiteElo "2172"]
[BlackElo "2055"]
[WhiteFideId "1181521"]
[BlackFideId "1172468"]
[EventDate "2016.08.20"]

1. e4 e6 2. d4 d5 3. exd5 exd5 4. Nf3 Bd6 5. c4 Nf6 6. Nc3 h6 7. cxd5 O-O 8. Be2
Nbd7 9. O-O Nb6 10. h3 Nbxd5 11. Bd3 Re8 12. Bc2 Bd7 13. Nxd5 Nxd5 14. Qd3 Nf6
15. d5 Qe7 16. Rd1 Qe2 17. Qb3 Bc5 18. Rf1 Bb5 19. Bd2 Bc4 20. Qa4 Bxd5 21. Rae1
Qc4 22. Rc1 Qxa4 23. Bxa4 Re4 24. Rxc5 Rxa4 25. Rxc7 Rxa2 26. Bc3 Ne4 27. Rd1
Nxc3 28. bxc3 Bxf3 29. gxf3 Rc2 30. Rdd7 Rf8 31. Rxb7 Rxc3 32. Kg2 a5 33. Ra7
Rc5 34. Rd4 Rf5 35. Ra4 1/2-1/2

[Event "52nd Rubinstein Mem"]
[Site "Polanica Zdroj POL"]
[Date "2016.08.28"]
[Round "9.12"]
[White "Gumularz, Szymon"]
[Black "Socko, Monika"]
[Result "0-1"]
[BlackTitle "GM"]
[WhiteElo "2260"]
[BlackElo "2454"]
[WhiteFideId "1188062"]
[BlackFideId "1106619"]
[EventDate "2016.08.20"]

1. Nf3 Nf6 2. c4 g6 3. g3 Bg7 4. Bg2 O-O 5. O-O d6 6. Nc3 Nc6 7. d4 Bg4 8. d5
Na5 9. b3 c5 10. dxc6 Nxc6 11. Be3 Qa5 12. Rc1 Rfc8 13. h3 Bd7 14. Qd2 Rab8 15.
Rfd1 Be8 16. Bh6 a6 17. Bxg7 Kxg7 18. Qe3 Qc5 19. Qxc5 dxc5 20. g4 h6 21. e3 b5
22. Bf1 b4 23. Nd5 Ne4 24. Bd3 Ng5 25. Nd2 e6 26. h4 exd5 27. hxg5 d4 28. gxh6+
Kxh6 29. exd4 Nxd4 30. Be4 Ne2+ 31. Kh2 Nxc1 32. Rxc1 Bc6 33. Kg3 Rd8 34. g5+
Kg7 35. Bxc6 Rxd2 36. Re1 Rxa2 37. Re5 Rd2 38. Be4 Rb2 39. Rxc5 Rxb3+ 40. Kf4
Rb2 41. Ra5 Rxf2+ 42. Ke5 b3 43. c5 Re8+ 44. Kd4 0-1

[Event "52nd Rubinstein Mem"]
[Site "Polanica Zdroj POL"]
[Date "2016.08.28"]
[Round "9.13"]
[White "Pacan-Milej, Kosma"]
[Black "Lewtak, Damian"]
[Result "1/2-1/2"]
[WhiteElo "2127"]
[BlackElo "2389"]
[WhiteFideId "21800537"]
[BlackFideId "1141724"]
[EventDate "2016.08.20"]

1. d4 Nf6 2. c4 e6 3. Nf3 b6 4. g3 Bb7 5. Bg2 Be7 6. O-O O-O 7. Re1 Na6 8. Nc3
Ne4 9. Nxe4 Bxe4 10. Ne5 Bxg2 11. Kxg2 d6 12. Nd3 c5 13. dxc5 Nxc5 14. Bf4 Qc7
15. Nxc5 Qxc5 16. Qd3 Rfd8 17. Rac1 Bg5 18. Bxg5 Qxg5 19. Red1 Rac8 20. e3 g6
21. Qa3 Qc5 22. Qxc5 Rxc5 23. Rd4 Kf8 24. Rcd1 Ke7 25. b3 h5 26. h4 a6 27. a4 a5
28. Kf1 Rc6 29. Ke2 Rg8 30. Rh1 d5 31. cxd5 Rc2+ 32. Kf3 e5 33. Rc4 Rc8 34. Rxc8
Rxc8 35. Rb1 Kd6 36. b4 Kxd5 37. bxa5 bxa5 38. e4+ Kd6 39. Rd1+ Ke6 40. Rd5 Rc3+
41. Kg2 Rc4 42. Rxa5 Rxe4 43. Ra6+ Kf5 44. a5 Ra4 45. Ra8 Ra2 46. a6 e4 47. a7
Ra1 48. Kh2 Ra2 49. Kg2 f6 50. Kg1 Ra1+ 1/2-1/2

[Event "52nd Rubinstein Mem"]
[Site "Polanica Zdroj POL"]
[Date "2016.08.28"]
[Round "9.14"]
[White "Rozycki, Bartlomiej"]
[Black "Grela, Kacper"]
[Result "0-1"]
[BlackTitle "FM"]
[WhiteElo "2118"]
[BlackElo "2274"]
[WhiteFideId "1106996"]
[BlackFideId "1154141"]
[EventDate "2016.08.20"]

1. d4 Nf6 2. c4 g6 3. Nc3 Bg7 4. e4 d6 5. Bd3 O-O 6. Nge2 Nc6 7. O-O e5 8. d5
Nd4 9. Nb5 Re8 10. Nbxd4 exd4 11. f3 c5 12. dxc6 bxc6 13. Nxd4 Nxe4 14. Bxe4 d5
15. cxd5 cxd5 16. Nf5 Bxf5 17. Qxd5 Qb6+ 18. Kh1 Rad8 19. Qb3 Qa6 20. Bf4 Be6
21. Qb7 Qxb7 22. Bxb7 Rd4 23. Be3 Rb4 24. Bc6 Rc8 25. Be4 Rxb2 26. Rad1 Rxa2 27.
Bb7 Rf8 28. Rf2 Rxf2 29. Bxf2 a5 30. g3 a4 31. Bc5 Rb8 32. Ba7 Bb3 33. Rd6 Re8
34. Bc6 Re1+ 35. Kg2 Bb2 36. Rd8+ Kg7 37. Rb8 a3 38. Rxb3 a2 39. Rxb2 a1=Q 40.
Bd4+ Kh6 41. Bb5 Rd1 42. Be3+ Kg7 43. Re2 Qa5 44. Rb2 Qc3 45. Re2 Qb3 46. Ba6
Qa4 47. Bb7 Qb5 0-1

[Event "52nd Rubinstein Mem"]
[Site "Polanica Zdroj POL"]
[Date "2016.08.28"]
[Round "9.15"]
[White "Lukasiewicz, Krzysztof"]
[Black "Kowalczyk, Rafal"]
[Result "0-1"]
[WhiteElo "2120"]
[BlackElo "2215"]
[WhiteFideId "1166042"]
[BlackFideId "1133853"]
[EventDate "2016.08.20"]

1. e4 e5 2. Nf3 Nc6 3. Bc4 Bc5 4. c3 Nf6 5. d3 d6 6. O-O a6 7. a4 Ba7 8. Na3 Ne7
9. Nc2 c6 10. Be3 Bxe3 11. Nxe3 d5 12. exd5 cxd5 13. Bb3 Ng6 14. d4 e4 15. Ne5
O-O 16. f4 exf3 17. Rxf3 Be6 18. Kh1 b5 19. Bc2 Qc7 20. Nxg6 hxg6 21. Rf1 Rfb8
22. Qd2 Qd6 23. axb5 axb5 24. b4 Qc6 25. Bd3 Rc8 26. Rxa8 Rxa8 27. Rc1 Ne8 28.
Qe2 Nd6 29. Nd1 Bf5 30. Bxf5 Nxf5 31. Qd2 Re8 32. Nf2 Qc4 33. Re1 Rc8 34. Nd1
Nd6 35. Kg1 Ne4 36. Qe3 f5 37. Qf3 Qa2 38. Qf1 Rc4 39. Qf3 Qa1 40. Qf1 Qa7 41.
Qd3 Qa3 42. Qf3 Qb3 43. g4 Rxd4 44. gxf5 Ng5 45. Qf1 Rf4 46. Qxb5 Rxf5 47. Re8+
Kh7 48. Qd3 d4 49. b5 dxc3 50. Nxc3 Qb2 51. Re2 Nf3+ 52. Kh1 Rg5 53. Qd1 Qxc3
54. Rg2 Re5 55. Re2 Rg5 56. Rg2 Qe5 57. h3 Rxg2 58. Kxg2 Nh4+ 59. Kf1 Qxb5+ 60.
Kf2 Qf5+ 61. Kg3 Qg5+ 62. Qg4 Nf5+ 63. Kf3 Qxg4+ 64. hxg4 Kh6 0-1

[Event "52nd Rubinstein Mem"]
[Site "Polanica Zdroj POL"]
[Date "2016.08.28"]
[Round "9.16"]
[White "Wisniewski, Michal"]
[Black "Maj, Pawel"]
[Result "1/2-1/2"]
[WhiteElo "2197"]
[BlackElo "2087"]
[WhiteFideId "1159682"]
[BlackFideId "21818290"]
[EventDate "2016.08.20"]

1. e4 c5 2. Nf3 d6 3. d4 cxd4 4. Qxd4 a6 5. h3 Nc6 6. Qe3 g6 7. c4 Bg7 8. Be2
Nf6 9. O-O O-O 10. Nc3 Nd7 11. Rb1 Nde5 12. Rd1 Nxf3+ 13. Bxf3 f5 14. exf5 Bxf5
15. Be4 Qd7 16. Nd5 Bxe4 17. Qxe4 Qf5 18. Qxf5 Rxf5 19. Be3 Rc8 20. b4 Rf7 21.
c5 dxc5 22. Bxc5 e6 23. Nb6 Re8 24. Nc4 Bf8 25. Nd6 Bxd6 26. Rxd6 e5 27. Rbd1 e4
28. Rd7 Rxd7 29. Rxd7 b6 30. Bxb6 Nxb4 31. a4 Re6 32. Bc5 Nc6 33. Rc7 h5 34. Kf1
g5 35. Ke2 Ne5 36. Bd4 Nc6 37. Bc3 Ne7 38. Rc5 g4 39. Rxh5 gxh3 40. gxh3 Kf7 41.
Bd2 Ng6 42. Rh7+ Kf6 43. Rb7 Ne7 44. Rd7 Nf5 45. Be3 Ke5 46. Rb7 Rc6 47. Rb6
Rc2+ 48. Kd1 Nxe3+ 49. fxe3 Rh2 50. Rxa6 Kd5 51. Rh6 Kc4 52. Rd6 Rxh3 53. Rd4+
Kc3 54. Ke2 Rh2+ 55. Kf1 Ra2 56. Rxe4 Kd3 57. Re8 Rb2 58. a5 Ra2 59. Re5 Kc4 60.
Re8 Kd3 61. Ra8 Kxe3 62. a6 Kf3 63. Ke1 Ke3 64. Kd1 Kd3 65. Kc1 Rc2+ 66. Kb1 Rc7
67. Kb2 Kc4 68. Ka3 Kb5 69. Kb3 Kb6 70. Kb4 Ra7 71. Rh8 Rxa6 72. Rh6+ Kb7 73.
Rh7+ Kb6 74. Rg7 Ra1 75. Rg6+ Kc7 76. Kb5 Rb1+ 77. Kc4 Rc1+ 78. Kd3 Rc6 79. Rg7+
Kb6 80. Kd4 Rd6+ 81. Kc4 Rc6+ 82. Kb4 Rh6 83. Rg4 Rf6 84. Re4 Rh6 85. Kc4 Rg6
86. Re5 Rg4+ 87. Kd5 Rg6 88. Rh5 Rf6 89. Rh1 Rf5+ 90. Ke6 Rf2 91. Rb1+ Kc5 92.
Rd1 Re2+ 93. Kd7 Re4 94. Rh1 Rd4+ 95. Kc7 Rg4 96. Rh5+ Kd4 97. Ra5 Rg7+ 98. Kd6
Rg6+ 99. Ke7 Rb6 100. Rh5 Ra6 101. Kd7 Rg6 102. Rh1 Ra6 103. Rd1+ Ke5 104. Re1+
Kd5 105. Rd1+ Ke5 106. Kc7 Rh6 107. Rd2 Rg6 108. Kb7 Rh6 109. Rb2 Kd5 110. Rb6
Rxb6+ 111. Kxb6 Ke5 1/2-1/2

[Event "52nd Rubinstein Mem"]
[Site "Polanica Zdroj POL"]
[Date "2016.08.28"]
[Round "9.17"]
[White "Psyk, Radoslaw"]
[Black "Luba, Lukasz"]
[Result "1-0"]
[WhiteElo "2161"]
[BlackElo "2117"]
[WhiteFideId "1182838"]
[BlackFideId "1117289"]
[EventDate "2016.08.20"]

1. e4 e6 2. d4 d5 3. Nd2 a6 4. Ngf3 Nf6 5. Bd3 c5 6. exd5 exd5 7. O-O c4 8. Re1+
Be7 9. Bf1 O-O 10. Ne5 Nc6 11. Nxc6 bxc6 12. b3 Bb4 13. bxc4 Ne4 14. Nxe4 Bxe1
15. Qxe1 dxe4 16. Qxe4 Re8 17. Qxc6 Bd7 18. Qd5 Qc8 19. Ba3 Rb8 20. Bd3 Rb6 21.
Qh5 Rh6 22. Qf3 Bg4 23. Qg3 Bf5 24. d5 Bxd3 25. Qxd3 Qd8 26. h3 Rg6 27. Rd1 Qg5
28. Qf3 h5 29. d6 Rf6 30. d7 Re1+ 31. Rxe1 Rxf3 32. Be7 Qd2 33. d8=Q+ Qxd8 34.
Bxd8 Ra3 35. c5 Rxa2 36. c3 Rc2 37. Ba5 Ra2 38. c6 Rxa5 39. c7 1-0

[Event "52nd Rubinstein Mem"]
[Site "Polanica Zdroj POL"]
[Date "2016.08.28"]
[Round "9.18"]
[White "Mazalon, Mariusz"]
[Black "Piotrowski, Przemyslaw"]
[Result "0-1"]
[WhiteElo "2057"]
[BlackElo "2155"]
[WhiteFideId "1103105"]
[BlackFideId "1127063"]
[EventDate "2016.08.20"]

1. d4 Nf6 2. c4 g6 3. Nc3 Bg7 4. e4 d6 5. Bg5 O-O 6. Qd2 c5 7. d5 a6 8. a4 Qa5
9. Ra3 e6 10. Bd3 exd5 11. cxd5 Re8 12. Nge2 Nbd7 13. Ng3 Ng4 14. Be2 Ngf6 15.
O-O Rb8 16. Kh1 Qb4 17. Qc2 c4 18. Be3 Nc5 19. f3 Nfd7 20. Rb1 Bxc3 21. Qxc3
Qxc3 22. bxc3 b5 23. axb5 axb5 24. Bxc5 dxc5 25. Ra5 b4 26. cxb4 cxb4 27. Bxc4
Ne5 28. Bb3 Bd7 29. h3 Bb5 30. Ba4 Bxa4 31. Rxa4 b3 32. Ne2 Rec8 33. f4 Nc4 34.
Nd4 Nd2 35. Rb2 Rc1+ 36. Kh2 Nf1+ 37. Kg1 Ne3+ 38. Kh2 h5 39. Kg3 Nd1 40. Rxb3
Rxb3+ 41. Nxb3 Rc3+ 42. Kh2 Rxb3 43. d6 Rd3 44. e5 Nc3 45. g4 Nxa4 0-1